Postharvest biology and technology of fruits, vegetables, and flowers / (Record no. 17452)
[ view plain ]
| 000 -LEADER | |
|---|---|
| fixed length control field | 01005cam a22002774a 4500 |
| 001 - CONTROL NUMBER | |
| control field | 15326331 |
| 003 - CONTROL NUMBER IDENTIFIER | |
| control field | OSt |
| 005 - DATE AND TIME OF LATEST TRANSACTION | |
| control field | 20220817141540.0 |
| 008 - FIXED-LENGTH DATA ELEMENTS--GENERAL INFORMATION | |
| fixed length control field | 080610s2008 iaua b 001 0 eng |
| 010 ## - LIBRARY OF CONGRESS CONTROL NUMBER | |
| LC control number | 2008024704 |
| 020 ## - INTERNATIONAL STANDARD BOOK NUMBER | |
| International Standard Book Number | 9780813804088 Hb, Bp. |
| 040 ## - CATALOGING SOURCE | |
| Original cataloging agency | MMSU |
| Transcribing agency | ULS |
| 050 00 - LIBRARY OF CONGRESS CALL NUMBER | |
| Classification number | SB 360 P67 2008 CAFSD RC |
| 245 00 - TITLE STATEMENT | |
| Title | Postharvest biology and technology of fruits, vegetables, and flowers / |
| Statement of responsibility, etc. | edited by Gopinadhan Paliyath, Dennis P. Murr, Avtar K. Handa, Susan Lurie |
| 260 ## - PUBLICATION, DISTRIBUTION, ETC. | |
| Place of publication, distribution, etc. | Ames, Iowa : |
| Name of publisher, distributor, etc. | Wiley-Blackwell, |
| Date of publication, distribution, etc. | 2008. |
| 300 ## - PHYSICAL DESCRIPTION | |
| Extent | xii, 482 pages : |
| Other physical details | illustrations ; |
| Dimensions | 27 cm. |
| 504 ## - BIBLIOGRAPHY, ETC. NOTE | |
| Bibliography, etc. note | Includes bibliographical references and index. |
| 650 #0 - SUBJECT ADDED ENTRY--TOPICAL TERM | |
| Topical term or geographic name entry element | Fruit |
| General subdivision | Postharvest physiology. |
| 650 #0 - SUBJECT ADDED ENTRY--TOPICAL TERM | |
| Topical term or geographic name entry element | Vegetables |
| General subdivision | Postharvest physiology. |
| 650 #0 - SUBJECT ADDED ENTRY--TOPICAL TERM | |
| Topical term or geographic name entry element | Flowers |
| General subdivision | Postharvest physiology. |
| 650 #0 - SUBJECT ADDED ENTRY--TOPICAL TERM | |
| Topical term or geographic name entry element | Fruit |
| General subdivision | Postharvest technology. |
| 650 #0 - SUBJECT ADDED ENTRY--TOPICAL TERM | |
| Topical term or geographic name entry element | Vegetables |
| General subdivision | Postharvest technology. |
| 650 #0 - SUBJECT ADDED ENTRY--TOPICAL TERM | |
| Topical term or geographic name entry element | Flowers |
| General subdivision | Postharvest technology. |
| 700 1# - ADDED ENTRY--PERSONAL NAME | |
| Personal name | Paliyath, Gopinadhan. |
| 942 ## - ADDED ENTRY ELEMENTS (KOHA) | |
| Source of classification or shelving scheme | |
| Koha item type | Books |
| Withdrawn status | Lost status | Source of classification or shelving scheme | Damaged status | Not for loan | Home library | Current library | Date acquired | Coded location qualifier | Inventory number | Full call number | Barcode | Checked out | Koha item type |
|---|---|---|---|---|---|---|---|---|---|---|---|---|---|
| MMSU College of Agriculture, Food and Sustainable Development Reading Center | MMSU College of Agriculture, Food and Sustainable Development Reading Center | 01/19/2023 | 23925.00 | 22-0034 | SB 360 P67 2008 CAFSD RC | 37520 | 08/17/2022 | Books |